Central Library OPAC University of Rajshahi
Normal view MARC view

Entry Personal Name

Number of records used in: 2

001 - CONTROL NUMBER

  • control field: 11967

003 - CONTROL NUMBER IDENTIFIER

  • control field: BD-RjUL

005 - DATE AND TIME OF LATEST TRANSACTION

  • control field: 20240229102537.0

008 - FIXED-LENGTH DATA ELEMENTS

  • fixed length control field: 240229|| aca||aabn | a|a d

040 ## - CATALOGING SOURCE

  • Original cataloging agency: BD-RjUL
  • Transcribing agency: BD-RjUL

100 ## - HEADING--PERSONAL NAME

  • Personal name: خان, سيّد احمد ;; K̲h̲ān̲, Sayyid Aḥmad
  • Titles and other words associated with a name: Sir,
  • Dates associated with a name: 1817-1898

670 ## - SOURCE DATA FOUND

  • Source citation: Work cat.: (BD-RjUL)83183: خان, سيّد احمد ;; K̲h̲ān̲, Sayyid Aḥmad Sir, 1817-1898, author., ‏آثار الصناديد :‏ ;; Ās̲ār al-ṣanādīd :, 1966.